书目信息 |
| 题名: |
2011考研英语历年真题精析
|
|
| 作者: | 王舰 主编 | |
| 分册: | ||
| 出版信息: | 北京 原子能出版社 2008.08 |
|
| 页数: | 364页 | |
| 开本: | 26cm | |
| 丛书名: | ||
| 单 册: | ||
| 中图分类: | H319.6 | |
| 科图分类: | ||
| 主题词: | 英语--研究生--入学考试--解题 | |
| 电子资源: | ||
| ISBN: | 978-7-5022-4243-5 | |
| 000 | 00853nam0 2200241 450 | |
| 001 | 1360562898 | |
| 005 | 20130425144700.93 | |
| 010 | @a978-7-5022-4243-5@dCNY28.00 | |
| 100 | @a20100515d2008 em y0chiy50 ea | |
| 101 | 0 | @achi@aeng |
| 102 | @aCN@b110000 | |
| 105 | @ay q 000yy | |
| 200 | 1 | @a2011考研英语历年真题精析@A2011 kao yan ying yu li nian zhen ti jing xi@e命题剖析及复习指导@f王舰主编 |
| 210 | @a北京@c原子能出版社@d2008.08 | |
| 215 | @a364页@d26cm | |
| 330 | @a本书收录了2003至2008年全国硕士研究生入学考试英语试卷,并附有答案与解析。 | |
| 517 | 1 | @a命题剖析及复习指导@Aming ti pou xi ji fu xi zhi dao |
| 517 | 1 | @a考研英语历年真题精析@Akao yan ying yu li nian zhen ti jing xi |
| 606 | 0 | @a英语@x研究生@x入学考试@x解题 |
| 690 | @aH319.6@v4 | |
| 701 | 0 | @a王舰@Awang jian@4主编 |
| 801 | 0 | @aCN@c20100515 |
| 905 | @dH319.6@eW2251@f5 | |
| 2011考研英语历年真题精析:命题剖析及复习指导/王舰主编.-北京:原子能出版社,2008.08 |
| 364页;26cm |
| ISBN 978-7-5022-4243-5:CNY28.00 |
| 本书收录了2003至2008年全国硕士研究生入学考试英语试卷,并附有答案与解析。 |
| ● |
| 相关链接 |
|
|
|
正题名:2011考研英语历年真题精析
索取号:H319.6/W2251
 
预约/预借
| 序号 | 登录号 | 条形码 | 馆藏地/架位号 | 状态 | 备注 |
| 1 | 475999 | 204759993 | 语言库209/209语言库 57排7列5层/ [索取号:H319.6/W2251] | 在馆 |